• 首页
  • 本馆介绍
  • 公告通知
  • 最新文献
  • 馆藏检索
  • 电子资源
  • 读者导购
  • 参考咨询
  • 我的图书馆
  • 登录
  • 详细信息显示
  • 放入我的书架
  • 预约/预借图书
  • 作者相关作品
  • 分类相关作品
  • 丛书相关作品
  • 出版社相关作品

书目信息

  • 表格格式
  • 工作单格式
  • 卡片格式
题名:
光纤光缆的设计和制造
    
 
作者: 陈炳炎 著
分册:  
出版信息: 杭州   浙江大学出版社  2016.06
页数: 398页
开本: 26cm
丛书名:
单 册:
中图分类: TN252 , TN818
科图分类:
主题词: 光学纤维--设计 , 光学纤维--制造 , 光缆--设计 , 光缆--制造
电子资源:
ISBN: 978-7-308-15661-5
000 01144nam0 2200313 450
001 0120161982541
005 20170418154917.59
010    @a978-7-308-15661-5@dCNY79.00
100    @a20161014d2016 em y0chiy50 ea
101 0  @achi
102    @aCN@b330000
105    @aa z 000yy
106    @ar
200 1  @a光纤光缆的设计和制造@9guang xian guang lan de she ji he zhi zao@dDesign and manufacture for optical fiber and fiber optic cable@f陈炳炎著@zeng
205    @a3版
210    @a杭州@c浙江大学出版社@d2016.06
215    @a398页@c图@d26cm
330    @a本书共24章,内容包括:通信光纤的进展和规范:从G.652到G.656;G.657光纤的弯曲损耗性能及机械可靠性;光纤的拉伸性能及其测试方法;带状光纤的制造设备、工艺和质量控制等。
333    @a本书适用于从事光纤光缆制造和应用的各界人士
510 1  @aDesign and manufacture for optical fiber and fiber optic cable@zeng
606 0  @a光学纤维@x设计
606 0  @a光学纤维@x制造
606 0  @a光缆@x设计
606 0  @a光缆@x制造
690    @aTN252@v5
690    @aTN818@v5
701  0 @a陈炳炎@9chen bing yan@4著
801  0 @aCN@b人天书店@c20161014
905    @b987476-79@dTN252@e105=3@f4
    
    光纤光缆的设计和制造=Design and manufacture for optical fiber and fiber optic cable/陈炳炎著.-3版.-杭州:浙江大学出版社,2016.06
    398页:图;26cm
    使用对象:本书适用于从事光纤光缆制造和应用的各界人士
    
    ISBN 978-7-308-15661-5:CNY79.00
    本书共24章,内容包括:通信光纤的进展和规范:从G.652到G.656;G.657光纤的弯曲损耗性能及机械可靠性;光纤的拉伸性能及其测试方法;带状光纤的制造设备、工艺和质量控制等。
●
相关链接 在E读中查询图书 在五车中查询图书 在当当中查询图书 在豆瓣中查询图书


正题名:光纤光缆的设计和制造     索取号:TN252/105=3         预约/预借

序号 登录号 条形码 馆藏地/架位号 状态 备注
1 987476   209874769   第二样本阅览室/ [索取号:TN252/105=3] 在馆    
2 987477   209874778   密集书库-物理学院/ [索取号:TN252/105=3] 在馆    
3 987478   209874787   第三借阅区/ [索取号:TN252/105=3] 在馆    
4 987479   209874796   第三借阅区/ [索取号:TN252/105=3] 在馆    
唐山师范学院图书馆 欢迎您!
大连网信软件有限公司© 版权所有